| 000 | 00898nam a2200181 i 4500 | ||
|---|---|---|---|
| 001 | 157756 | ||
| 003 | ES-MaACL | ||
| 005 | 20230906210835.0 | ||
| 008 | 940202s1885 sp |||| | spa d | ||
| 100 | 1 |
_aLiñán y Verdugo, Antonio. _972480 |
|
| 245 | 1 | 0 |
_aGuía de avisos de forasteros que vienen a la corte _b: historia de mucha diversión, gusto y apacible entretenimiento donde verán lo que les sucedió a unos recién-venidos... / _csu autor, el Ldo. D. Antonio Liñán y Verdugo. |
| 260 |
_aBarcelona : _bBiblioteca Clásica Española, _c1885 ( _fEstab. tip. ed. de Daniel Cortezo y Cía.) |
||
| 300 |
_a256 p. ; _c21 cm. |
||
| 530 | _aDisponible en formato digital. | ||
| 651 | 4 |
_aMadrid- _xUsos y costumbres- _yS.XVII. _98990 |
|
| 852 |
_aES-MaACL _jB-1046 _z- Enc. tela |
||
| 856 |
_uhttps://bvpb.mcu.es/es/consulta/registro.do?id=450911 _zBiblioteca Virtual del Patrimonio Bibliográfico |
||
| 999 |
_c157756 _d157756 |
||